Complex variables and applications (Record no. 3507)

000 -LEADER
fixed length control field 00586nam a22002297a 4500
001 - CONTROL NUMBER
control field 3507
003 - CONTROL NUMBER IDENTIFIER
control field BD-DhUET
008 - FIXED-LENGTH DATA ELEMENTS--GENERAL INFORMATION
fixed length control field 141101b xxu||||| |||| 00| 0 eng d
020 ## - INTERNATIONAL STANDARD BOOK NUMBER
International Standard Book Number 0070108552
040 ## - CATALOGING SOURCE
Transcribing agency 0
Modifying agency BD-DhUET
082 ## - DEWEY DECIMAL CLASSIFICATION NUMBER
Classification number 517.8
Item number CHU/1974
100 ## - MAIN ENTRY--PERSONAL NAME
Personal name Churchill, Ruel V.
245 ## - TITLE STATEMENT
Title Complex variables and applications
250 ## - EDITION STATEMENT
Edition statement 3rd ed.
260 ## - PUBLICATION, DISTRIBUTION, ETC. (IMPRINT)
Place of publication, distribution, etc. New York
Name of publisher, distributor, etc. McGraw-Hill
Date of publication, distribution, etc. 1974
300 ## - PHYSICAL DESCRIPTION
Extent x, 332 p.
Other physical details ill.
Dimensions 23 cm.
504 ## - BIBLIOGRAPHY, ETC. NOTE
Bibliography, etc Includes bibliographies
650 #0 - SUBJECT ADDED ENTRY--TOPICAL TERM
Topical term or geographic name as entry element Complex variables
700 ## - ADDED ENTRY--PERSONAL NAME
Personal name Brown, James W.
700 ## - ADDED ENTRY--PERSONAL NAME
Personal name Verhey, Roger F.
942 ## - ADDED ENTRY ELEMENTS (KOHA)
Koha item type General Book
Holdings
Shelving location Location (home branch) Lost status Koha renewals Withdrawn status Date acquired Koha full call number Source of classification or shelving scheme Koha item type Copy number Sublocation or collection (holding branch) Not for loan Koha normalized classification for sorting Damaged status Koha date last borrowed Price effective from Koha date last seen Piece designation (barcode)
Circulation sectionCentral Library, BUET   2014-11-01517.8/CHU/1974 General Book1Central Library, BUET 517_800000000000000_CHU_1974  2014-11-012014-11-0139411
Circulation sectionCentral Library, BUET   2014-11-01517.8/CHU/1974 General Book2Central Library, BUET 517_800000000000000_CHU_1974  2014-11-012014-11-0143301
Circulation sectionCentral Library, BUET   2014-11-01517.8/CHU/1974 General Book3Central Library, BUET 517_800000000000000_CHU_1974  2014-11-012014-11-0145109
Circulation sectionCentral Library, BUET   2014-11-01517.8/CHU/1974 General Book4Central Library, BUET 517_800000000000000_CHU_1974  2014-11-012016-05-1852889
Circulation sectionCentral Library, BUET   2014-11-17517.8/CHU/1974 General Book5Central Library, BUET 517_800000000000000_CHU_1974  2014-11-172016-04-0237655
Circulation sectionCentral Library, BUET 2 2014-11-17517.8/CHU/1974 General Book6Central Library, BUET 517_800000000000000_CHU_1974  2014-11-172016-08-3058032
Circulation sectionCentral Library, BUET   2015-05-03517.8/CHU/1974 General Book7Central Library, BUET 517_800000000000000_CHU_1974 0000-00-002015-05-032015-05-0352887
Circulation sectionCentral Library, BUET   2015-05-03517.8/CHU/1974 General Book8Central Library, BUET 517_800000000000000_CHU_1974  2015-05-032015-05-0337654
Circulation sectionCentral Library, BUET   2015-05-04517.8/CHU/1974 General Book9Central Library, BUET 517_800000000000000_CHU_1974  2015-05-042015-05-0439412
Circulation sectionCentral Library, BUET   2015-05-20517.8/CHU/1974 General Book10Central Library, BUET 517_800000000000000_CHU_1974  2015-05-202015-05-2058033
Reading sectionCentral Library, BUET   2015-06-13517.8/CHU/1974 Reading Item11Central Library, BUET 517_800000000000000_CHU_1974  2015-06-132015-06-1324535
Circulation sectionCentral Library, BUET   2015-07-13517.8/CHU/1974 General Book12Central Library, BUET 517_800000000000000_CHU_1974  2015-07-132015-07-1343304